| 000 | 00600nam a2200193 a 4500 | ||
|---|---|---|---|
| 005 | 20210223120703.0 | ||
| 008 | 991125s1985 mx 000 0 spa u | ||
| 020 | _a9684165811 | ||
| 035 | _aUPN01000005483 | ||
| 049 | _aCG | ||
| 050 | 4 |
_aQA76.73 B3 _bW2.2 |
|
| 100 | 1 | _aWatt, Sofía | |
| 245 | 1 | 0 |
_aBasic para niños : _bcon notas didácticas para padres y maestros / _cSofía Watt y Miguel Mangada. |
| 260 |
_aMéxico : _bFernández, _c1985. |
||
| 300 |
_a128 p. : _bil. |
||
| 650 | 4 |
_aBASIC (LENGUAJE DE PROGRAMACION PARA COMPUTADORA) _92942 |
|
| 700 | 1 |
_aMangada, Miguel, _ecoaut. |
|
| 905 | _aLibro | ||
| 999 |
_c5483 _d5483 |
||